Topology and geometry for physicists /
Guardado en:
| Autor Principal: | |
|---|---|
| Otros Autores: | |
| Formato: | Libro |
| Idioma: | English |
| Publicado: |
London ; New York :
Academic Press,
1983.
|
| Materias: | |
| Etiquetas: |
Agregar Etiqueta
Sin Etiquetas, Sea el primero en etiquetar este registro!
|
| LEADER | 00797nam a2200253 a 4500 | ||
|---|---|---|---|
| 001 | MAT.inmabb006009 | ||
| 008 | 840116s1983####enka#####b####001#0#eng## | ||
| 005 | 20130404090337.0 | ||
| 245 | 1 | 0 | |a Topology and geometry for physicists / |c Charles Nash, Siddhartha Sen. |
| 260 | |a London ; |a New York : |b Academic Press, |c 1983. | ||
| 300 | |a x, 311 p. : |b il. ; |c 24 cm. | ||
| 504 | |a Bibliografía: p. 305. | ||
| 500 | |a Incluye índice. | ||
| 510 | 4 | |a MR, |c 86h:58002 | |
| 020 | |a 0125140800 | ||
| 100 | 1 | |a Nash, Charles. | |
| 700 | 1 | |a Sen, Siddhartha. | |
| 650 | 0 | |a Topology. | |
| 650 | 0 | |a Geometry, Differential. | |
| 650 | 0 | |a Mathematical physics. | |
| 084 | |a 58-01 (53-01 53C80 57-01 81-01 81T13) |2 msc2000 | ||
| 010 | |a 83203969 | ||
| 040 | |a DLC |c DLC |d DLC | ||
| 859 | |h 58 |i N248 |p A-6288 |b BIB. MATEMATICA | ||
